Pre-modern divided ownership in the modern legal history of Estonia
| Titel: | Pre-modern divided ownership in the modern legal history of Estonia / Marju Luts-Sootak |
|---|---|
| Verfasser: | |
| In: |
Legal pluralism – cui bono?, (2018), Seite 94-113 alle Artikel anzeigen |
| Veröffentlicht: | 2019 |
| Format: | Aufsatz |
| Sprache: | Englisch |
X
alg: 44878865 001A $03025:17-05-19 001B $01999:17-05-19 $t22:38:25.000 001D $03025:17-05-19 001U $0utf8 001X $00 002@ $0Aou 002C $aText $btxt $2rdacontent 002D $aohne Hilfsmittel zu benutzen $bn $2rdamedia 002E $aBand $bnc $2rdacarrier 003@ $0448788659 007A $0448788659 $aHEB 010@ $aeng 010E $erda 011@ $a2019 021A $aPre-modern divided ownership in the modern legal history of Estonia $hMarju Luts-Sootak 028A $BVerfasser $#Sootak, Marju Luts- $4aut $71018860134 $8Luts-Sootak, Marju [Tp3] $9287486303 031A $g20 $h94-113 $j2018 039B $aEnthalten in $8--Aau--. Legal pluralism – cui bono?. - Tartu : Tartu Ülikooli Kirjastus, 2018. - 195 Seiten. - ISBN 9789949778409 $x201800000000000906 $9445080892 044K $RĖstljandskaja Gubernija $RĖstonskaja SSR $#Estland $#Estland $#Estnische SSR $#Eesti $#Estonskaja SSR $#EV $#Estonia 1918 - 1940, 1991 - $#Republik Estland $#Eesti Vabariik $#Republic of Estonia $#Ėstonskaja Respublika $#Estnische Republik $#Estonia 1918-1940 ; ab 1991 $#Estonia $#Estonie $74015587-0 $8Estland [Tg1] $9085035777 044K $#Liivimaa $#Vidzeme $#Livonija $#Vidzeme $#Livonia $#Inflanty $74036075-1 $8Livland [Tg1] $9085097721 044K $RBesitz $REigentum $RGrundstück $RGrundstücksrecht $RGrundeigentümer $#Land tenure $#Real property $#Propriété foncière $#Terres $#Propriété immobilière $#Propiedad rústica $#Grundeigentum $#Grundbesitz $#Bodeneigentum $#Grundbesitz $#Grundstück Eigentum $#Grundstückseigentum $#Liegenschaftseigentum $#Grundvermögen $#Immobiliareigentum $#Landbesitz $#Landeigentum $#Besitzung $74072130-9 $8Grundeigentum [Ts1] $9085202959 044K $RRechtsetzung $RGesetzgebende Gewalt $RGesetzgebungslehre $#Legislation $#Législation $#Legislazione $#Legislación $#legislation $#Gesetzgebung $#Gesetzgebung $74020682-8 $8Gesetzgebung [Ts1] $9085050067 044K $RProtestantismus $#Protestant churches $#Églises protestantes $#Chiese protestanti $#Iglesias protestantes $#evangelische Kirche $74015833-0 $8Evangelische Kirche [Ts1] $9085036757 044K $#Sovereignty $#Souveraineté $#Souveränität $#Souveränität $#Nationale Souveränität $#Staatssouveränität $#Staat Souveränität $#Staatliche Souveränität $74132367-1 $8Souveränität [Ts1] $9085475963 044K $RRecht $RPrivatrechtswissenschaft $#Zivilrecht $#Privatrecht $#Zivilrecht $74047304-1 $8Privatrecht [Ts1] $9085131938 045F $a340.09 $eDDC23BSB 045F/01 $a340.09 045F/03 $f09034 045F/03 $f09042 045F/03 $g4798 045R $aGeschichte 1800-1940 lok: 44878865 78 exp: 44878865 78 1 #EPN 201B/01 $017-05-19 $t12:56:45.000 201C/01 $017-05-19 201U/01 $0utf8 203@/01 $01051487188 208@/01 $a17-05-19 $be 209A/01 $a/ $f000 $x00 209A/01 $ab*p $x01 220C/01 $akoe 247C/01 $82080>Marburg/Lahn, Herder-Institut, Forschungsbibliothek, Bibliographieportal $9336309341
| LEADER | 00000caa a2200000 c 4500 | ||
|---|---|---|---|
| 001 | 448788659 | ||
| 003 | DE-603 | ||
| 005 | 20190517223825.0 | ||
| 007 | tu | ||
| 008 | 190517s2019 xx |||| | u00||u|eng c | ||
| 035 | |a (DE-599)HEB448788659 | ||
| 040 | |a DE-603 |b ger |c DE-603 |d DE-603 |e rda | ||
| 041 | |a eng | ||
| 082 | 0 | 4 | |8 1\u |a 340.09 |q DE-101 |2 23/BSB |
| 085 | |8 1\u |b 340.09 | ||
| 085 | |8 1\u |z 1 |s 09034 | ||
| 085 | |8 1\u |z 1 |s 09042 | ||
| 085 | |8 1\u |z 2 |s 4798 | ||
| 100 | 1 | |a Luts-Sootak, Marju |e Verfasser |4 aut |0 (DE-603)287486303 |0 (DE-588)1018860134 |2 gnd | |
| 245 | 0 | 0 | |a Pre-modern divided ownership in the modern legal history of Estonia |c Marju Luts-Sootak |
| 264 | 0 | |c 2019 | |
| 336 | |a Text |b txt |2 rdacontent | ||
| 337 | |a ohne Hilfsmittel zu benutzen |b n |2 rdamedia | ||
| 338 | |a Band |b nc |2 rdacarrier | ||
| 648 | 7 | |a Geschichte 1800-1940 |2 gnd | |
| 650 | 7 | |a Grundeigentum |0 (DE-588)4072130-9 |0 (DE-603)085202959 |2 gnd | |
| 650 | 7 | |a Gesetzgebung |0 (DE-588)4020682-8 |0 (DE-603)085050067 |2 gnd | |
| 650 | 7 | |a Evangelische Kirche |0 (DE-588)4015833-0 |0 (DE-603)085036757 |2 gnd | |
| 650 | 7 | |a Souveränität |0 (DE-588)4132367-1 |0 (DE-603)085475963 |2 gnd | |
| 650 | 7 | |a Privatrecht |0 (DE-588)4047304-1 |0 (DE-603)085131938 |2 gnd | |
| 651 | 7 | |a Estland |0 (DE-588)4015587-0 |0 (DE-603)085035777 |2 gnd | |
| 651 | 7 | |a Livland |0 (DE-588)4036075-1 |0 (DE-603)085097721 |2 gnd | |
| 773 | 0 | 8 | |i Enthalten in |t Legal pluralism – cui bono? |d Tartu : Tartu Ülikooli Kirjastus, 2018 |h 195 Seiten |z 9789949778409 |g (2018), Seite 94-113 |w (DE-603)445080892 |
| 924 | 0 | |9 2080 |a (DE-603)1051487188 |b DE-2080 |c HES |d d |g / | |


